Espíritu de la educación europea
Guardat en:
| Autor principal: | |
|---|---|
| Format: | Llibre |
| Idioma: | espanyol |
| Publicat: |
Buenos Aires
Kapelusz
1961
|
| Col·lecció: | Biblioteca de Cultura Pedagógica
|
| Matèries: | |
| Etiquetes: |
Afegir etiqueta
Sense etiquetes, Sigues el primer a etiquetar aquest registre!
|
MARC
| LEADER | 00000nam a2200000 a 4500 | ||
|---|---|---|---|
| 001 | UCU0611 | ||
| 003 | CL-VaPUC | ||
| 008 | 960322e19610000AG |||||||||||||||||spa|d | ||
| 082 | 0 | 4 | |a 379.4 |b SPR |2 21 |
| 100 | 0 | |a Spranger, Eduard |e author |9 343420 | |
| 245 | 1 | 0 | |a Espíritu de la educación europea |
| 300 | |a 154 p | ||
| 942 | |c BK | ||
| 945 | |d 19960322 00:00:00 |a paguirre | ||
| 260 | |a Buenos Aires |b Kapelusz |c 1961 | ||
| 650 | 0 | |a Educación |9 258661 | |
| 650 | 0 | |a Política educacional |9 308011 | |
| 650 | 7 | |a TENDENCIAS EDUCACIONALES |2 CL-VaPUC |9 355941 | |
| 650 | 7 | |a REFORMA DE LA EDUCACION |2 CL-VaPUC |9 333471 | |
| 650 | 0 | |a Sistemas educacionales |9 324695 | |
| 650 | 0 | |a Filosofía de la educación |9 258384 | |
| 583 | |a last modification |c 19960322 00:00:00 |k Rodrigo Vera | ||
| 490 | 0 | |a Biblioteca de Cultura Pedagógica | |
| 999 | |c 245451 |d 245449 | ||
| 952 | |0 0 |1 0 |4 0 |6 379_400000000000000_SPR_1961 |7 0 |8 P |9 259960 |a BIBEDU |b BIBEDU |c BIBEDU_PB |d 2019-11-19 |i 1637371 |o 379.4 SPR 1961 |p 1637371 |r 2024-01-25 |w 2019-11-19 |y BK |k EDU | ||